Manual de Inquisidores para uso de las Inquisiciones de España y Portugal, o compendio de la obra titulada directorio de inquisidores. (Record no. 5631)
[ view plain ]
| 000 -CABECERA | |
|---|---|
| campo de control de longitud fija | 01263nam a2200277 a 4500 |
| 001 - NÚMERO DE CONTROL | |
| campo de control | BRCA_5942 |
| 005 - FECHA Y HORA DE LA ÚLTIMA TRANSACCIÓN | |
| campo de control | 20190320205254.0 |
| 008 - DATOS DE LONGITUD FIJA--INFORMACIÓN GENERAL | |
| campo de control de longitud fija | 240311s1821----fr-######f---#000-0#spa-# |
| 041 ## - CÓDIGO DE LENGUA | |
| Código de lengua del texto/banda sonora o título independiente | spa |
| 044 ## - CÓDIGO DEL PAÍS DE LA ENTIDAD EDITORA/PRODUCTORA | |
| Código MARC del país | fr |
| 050 #4 - SIGNATURA TOPOGRÁFICA DE LA BIBLIOTECA DEL CONGRESO | |
| Número de clasificación | BX1735 |
| Número de documento/Ítem | .E95 |
| -- | 1821 |
| 245 10 - MENCIÓN DE TÍTULO | |
| Título | Manual de Inquisidores para uso de las Inquisiciones de España y Portugal, o compendio de la obra titulada directorio de inquisidores. |
| Mención de responsabilidad, etc. | de Nicolao Eymerico, Inquisidor General de Aragón; tr. del frances por J.Marchena; con adiciones acerca de la inquisición de la España. |
| 260 ## - PUBLICACIÓN, DISTRIBUCIÓN, ETC. | |
| Lugar de publicación, distribución, etc. | Mompeller, Francia |
| Nombre del editor, distribuidor, etc. | Feliz Aviñon |
| Fecha de publicación, distribución, etc. | 1821 |
| 300 ## - DESCRIPCIÓN FÍSICA | |
| Extensión | viii, 152 p. |
| Dimensiones | 16 cm. |
| 500 ## - NOTA GENERAL | |
| Nota general | Contiene adiciones del traductor acerca de la jurisprudencia de los tribunales de inquisición de España, prólogo del autor, sumario y tabla de materias. |
| 500 ## - NOTA GENERAL | |
| Nota general | Fondo antiguo |
| 500 ## - NOTA GENERAL | |
| Nota general | Se encuentra en Caja Fuerte |
| 500 ## - NOTA GENERAL | |
| Nota general | H-172 |
| 500 ## - NOTA GENERAL | |
| Nota general | Nota de encuadernación: pastas de cartón grueso y lomo decorado |
| 506 0# - NOTA DE RESTRICCIONES AL ACCESO | |
| Limitaciones de acceso | Fondo reservado: para su consulta es necesario credencial de usuario y carta de motivos |
| 650 14 - PUNTO DE ACCESO ADICIONAL DE MATERIA--TÉRMINO DE MATERIA | |
| Término de materia o nombre geográfico como elemento de entrada | Inquisición |
| Subdivisión geográfica | España |
| 9 (RLIN) | 15007 |
| 650 14 - PUNTO DE ACCESO ADICIONAL DE MATERIA--TÉRMINO DE MATERIA | |
| Término de materia o nombre geográfico como elemento de entrada | Inquisición |
| Subdivisión geográfica | Portugal. |
| 9 (RLIN) | 15008 |
| 700 1# - PUNTO DE ACCESO ADICIONAL--NOMBRE DE PERSONA | |
| Nombre de persona | Marchena, J. |
| Lenguaje de la obra | Francés |
| Nombre de parte o sección de la obra | Traductor. |
| 9 (RLIN) | 15009 |
| 902 ## - CATALOGADOR | |
| Iniciales | LAR |
| 942 ## - ELEMENTOS DE PUNTO DE ACCESO ADICIONAL (KOHA) | |
| Fuente del sistema de clasificación o colocación | Library of Congress Classification |
| Tipo de ítem Koha | Libros |
| Estado de retiro | Estado de pérdida | Estado dañado | No para préstamo | Localización permanente | Ubicación/localización actual | Fecha de adquisición | Número de inventario | Total de préstamos | Signatura topográfica completa | Código de barras | Fecha visto por última vez | Precio válido a partir de | Tipo de ítem Koha |
|---|---|---|---|---|---|---|---|---|---|---|---|---|---|
| El ejemplar forma parte de la colección y puede ser consultado según las políticas vigentes. | Biblioteca del Museo Franz Mayer (Rogerio Casas-Alatriste) | Biblioteca del Museo Franz Mayer (Rogerio Casas-Alatriste) | 24/03/2011 | H-172 | BX1735 .E95 1821 (H-172) | LAR00003 | 22/03/2019 | 22/03/2019 | Libros |